| 000 | 00873nam a2200277Ia 4500 | ||
|---|---|---|---|
| 003 | OSt | ||
| 005 | 20220925235520.0 | ||
| 006 | a|||||r|||| 00| 0 | ||
| 007 | ta | ||
| 008 | 220923b |||||||| |||| 00| 0 eng d | ||
| 020 |
_a8176297291 _c680.00 |
||
| 037 |
_b443, 24/08/2006, Bright Book Service _cGeneral Book |
||
| 040 |
_aRTL _cRTL _beng |
||
| 041 |
_2eng _aeng |
||
| 082 | _aX9:8:(S:5), P5 | ||
| 100 |
_aSaxena Anand _9301397 |
||
| 245 | 0 |
_aEntrepreneurship _b Motivation, performance and rewa |
|
| 260 |
_a New Delhi _bDeep and Deep _c2005 |
||
| 300 |
_axx, 335p _ccm. |
||
| 500 | _aBib chapterwise; Bib: p307-29 | ||
| 650 | _a Industrial Management | ||
| 650 | _aCommerce | ||
| 700 | _a Sharma R A | ||
| 942 |
_hX9:8:(S:5), P5 _cGB _2CC |
||
| 999 |
_c597456 _d597456 |
||